00719nam a2200169Ia 450000500170000000800410001702000180005808200240007610000510010024500790015126000300023030000140026065000620027494200070033699900190034395201870036220250529120007.0231217s9999 xx 000 0 und d a9780124172081 a001.64404 SAN;1 R aSanders, Chris. Smith, Jason. Bianco, David J. 0aApplied network security monitoring : collection, detection, and analysis c2014bElsevieraAmsterdam axxiv, 472 anetwork, monitorin, , collection, detection, an, analysis cAA c198398d198398 r2024-01-26 00:00:00l0o001.64404 SAN;1 Rp91955W0v2671.00w2024-01-26yAA1040708CS00K406-9795430-7639520aMLbMLcCSd2018-02-27eAmazon.comg2671.00ECSGRSF1V0URupees